[Event "2. Magistral Ricardo Lettieri"]
[Site "Pinamar ARG"]
[Date "2005.03.08"]
[Round "1.1"]
[White "Duarte, Leonardo"]
[Black "Needleman, Alejandro"]
[Result "1/2-1/2"]
[WhiteElo "2252"]
[BlackElo "2400"]
[PlyCount "225"]
[EventDate "2005.03.08"]
[EventType "tourn"]
[EventRounds "11"]
[EventCountry "ARG"]
[Source "lmi"]
[SourceDate "2005.03.18"]

1. Nf3 Nf6 2. g3 g6 3. Bg2 Bg7 4. O-O O-O 5. c4 d6 6. Nc3 e5 7. d3 Nc6 8. Rb1
a5 9. a3 Bg4 10. b4 axb4 11. axb4 Qd7 12. b5 Nd8 13. Nd5 Nxd5 14. cxd5 Bxf3 15.
Bxf3 b6 16. Qc2 f5 17. Bd2 Qe7 18. Rfc1 Rf7 19. Rb4 Bf6 20. Rc4 Ra7 21. Ra4
Rxa4 22. Qxa4 Kg7 23. Rc4 h5 24. h4 Nb7 25. Qc2 Qd7 26. e3 Bd8 27. Rb4 Bf6 28.
Qc6 Qc8 29. Ra4 Nd8 30. Ra8 Nxc6 31. Rxc8 Na7 32. Ra8 Nxb5 33. Be2 f4 34. d4
fxe3 35. fxe3 c6 36. dxc6 Nc7 37. Ra4 d5 38. Rb4 Re7 39. Bf3 exd4 40. exd4 Re6
41. Bf4 Rxc6 42. Bxc7 Rxc7 43. Bxd5 Rd7 44. Be6 Bxd4+ 45. Kg2 Rd6 46. Bc4 Rf6
47. Rb3 Rf2+ 48. Kh3 Bc5 49. Bd5 Rd2 50. Bc6 Kf6 51. g4 Bd6 52. gxh5 gxh5 53.
Bg2 b5 54. Rxb5 Rd3+ 55. Bf3 Rxf3+ 56. Kg2 Rd3 57. Rxh5 Be5 58. Kf2 Ke6 59. Ke2
Rh3 60. Rh7 Kf5 61. Re7 Ke4 62. h5 Rxh5 63. Re8 Rh7 64. Ke1 Rh2 65. Re7 Kd4 66.
Kf1 Ra2 67. Re8 Bf4 68. Re2 Ra7 69. Kg2 Be3 70. Rb2 Rg7+ 71. Kf3 Rf7+ 72. Kg4
Ke4 73. Rb4+ Bd4 74. Ra4 Rf2 75. Rb4 Ra2 76. Kh4 Ra7 77. Kg4 Rf7 78. Ra4 Rf4+
79. Kg5 Kf3 80. Ra3+ Be3 81. Kg6 Rb4 82. Kf5 Rb5+ 83. Ke6 Ke4 84. Ra4+ Bd4 85.
Ra2 Rb6+ 86. Kd7 Bb2 87. Ra4+ Kf5 88. Kc7 Rb3 89. Rh4 Bf6 90. Rh5+ Ke6 91. Kc6
Bg7 92. Kc5 Rc3+ 93. Kb5 Bf8 94. Rg5 Be7 95. Rh5 Rg3 96. Kc4 Rg4+ 97. Kd3 Bg5
98. Rh8 Kd5 99. Re8 Rg2 100. Ra8 Rg3+ 101. Ke2 Bf6 102. Re8 Kd4 103. Re6 Be5
104. Re8 Rg6 105. Rd8+ Bd6 106. Re8 Rg3 107. Kf2 Rg5 108. Ke2 Be5 109. Rd8+ Ke4
110. Re8 Rh5 111. Re7 Rh2+ 112. Ke1 Kf4 113. Kd1 1/2-1/2

[Event "2. Magistral Ricardo Lettieri"]
[Site "Pinamar ARG"]
[Date "2005.03.08"]
[Round "1.2"]
[White "Peralta, Eduardo"]
[Black "Di Berardino, Diego Rafael"]
[Result "0-1"]
[WhiteElo "2252"]
[BlackElo "2358"]
[PlyCount "112"]
[EventDate "2005.03.08"]
[EventType "tourn"]
[EventRounds "11"]
[EventCountry "ARG"]
[Source "lmi"]
[SourceDate "2005.03.18"]

1. d4 Nf6 2. Nf3 e6 3. Bg5 c5 4. e3 h6 5. Bxf6 Qxf6 6. Nbd2 d5 7. c3 cxd4 8.
exd4 Bd6 9. Bb5+ Nc6 10. O-O O-O 11. Re1 Bd7 12. Nf1 Rfe8 13. Ne3 h5 14. c4 a6
15. Ba4 dxc4 16. Nxc4 Bc7 17. Nce5 Nxe5 18. dxe5 Bxa4 19. Qxa4 Qe7 20. h4 Red8
21. Re4 Rd5 22. Rc1 Rad8 23. Qc2 Bb8 24. Ree1 g6 25. Rcd1 Kg7 26. Rxd5 Rxd5 27.
a3 Qc5 28. Qe2 Qb5 29. Qc2 Ba7 30. Rf1 Bd4 31. b4 Bxe5 32. Nxe5 Rxe5 33. Qc3
Kh7 34. Qc7 Rf5 35. Qe7 Qd5 36. Qc7 e5 37. Qc2 Qd4 38. Qc7 b6 39. Qc8 a5 40.
bxa5 bxa5 41. Qc7 a4 42. Qe7 Kg7 43. g3 Rf3 44. Kg2 e4 45. g4 hxg4 46. h5 g3
47. hxg6 Rxf2+ 48. Rxf2 Qxf2+ 49. Kh3 Qf5+ 50. Kg2 Kxg6 51. Qd6+ f6 52. Qc6
Qf3+ 53. Kh3 g2+ 54. Kh2 Kg5 55. Qxa4 Qf1 56. Qa5+ Kh4 0-1

[Event "2. Magistral Ricardo Lettieri"]
[Site "Pinamar ARG"]
[Date "2005.03.08"]
[Round "1.3"]
[White "Rodi, Luis"]
[Black "Bronstein, Luis"]
[Result "1/2-1/2"]
[WhiteElo "2258"]
[BlackElo "2357"]
[PlyCount "75"]
[EventDate "2005.03.08"]
[EventType "tourn"]
[EventRounds "11"]
[EventCountry "ARG"]
[Source "lmi"]
[SourceDate "2005.03.18"]

1. e4 b6 2. Nc3 Bb7 3. f4 e6 4. Nf3 Bb4 5. d3 d5 6. Bd2 Nd7 7. Qe2 dxe4 8. dxe4
Ngf6 9. O-O-O Qe7 10. Nb5 Bxd2+ 11. Nxd2 O-O 12. g4 Nc5 13. Nc3 Rfd8 14. Bg2 e5
15. f5 Rd4 16. g5 Ne8 17. Nf3 Rad8 18. h4 Rxd1+ 19. Rxd1 Rxd1+ 20. Kxd1 Nd6 21.
Nd2 a5 22. Qg4 Qd7 23. Kc1 b5 24. Qg3 b4 25. Nd5 Bxd5 26. Qxe5 Qc6 27. Qxd5
Qxd5 28. exd5 Nxf5 29. h5 Ne3 30. Bf3 Kf8 31. Nb3 Nxb3+ 32. axb3 Ke7 33. Kd2
Nf5 34. Kd3 Kd6 35. Ke4 Ne7 36. Kd4 h6 37. gxh6 gxh6 38. c4 1/2-1/2

[Event "2. Magistral Ricardo Lettieri"]
[Site "Pinamar ARG"]
[Date "2005.03.08"]
[Round "1.4"]
[White "Mahia, Gustavo"]
[Black "Molina, Jorge"]
[Result "1-0"]
[WhiteElo "2364"]
[BlackElo "2234"]
[PlyCount "53"]
[EventDate "2005.03.08"]
[EventType "tourn"]
[EventRounds "11"]
[EventCountry "ARG"]
[Source "lmi"]
[SourceDate "2005.03.18"]

1. d4 Nf6 2. c4 c5 3. d5 b5 4. cxb5 a6 5. b6 Qxb6 6. Nc3 d6 7. e4 g6 8. Nf3 Bg7
9. a4 O-O 10. a5 Qb7 11. Bc4 Nxe4 12. Nxe4 Bf5 13. Ng3 Bxb2 14. Bxb2 Qxb2 15.
Nxf5 Qc3+ 16. Nd2 gxf5 17. O-O Nd7 18. Rc1 Qxa5 19. Nf3 Nf6 20. Qd3 Qc7 21.
Qxf5 Qd7 22. Qd3 a5 23. Rfe1 Ra7 24. Nh4 Rb8 25. Nf5 Rb4 26. Qg3+ Kf8 27. Qg7+
1-0

[Event "2. Magistral Ricardo Lettieri"]
[Site "Pinamar ARG"]
[Date "2005.03.09"]
[Round "2.1"]
[White "Needleman, Alejandro"]
[Black "Vera Insfran, Jorge"]
[Result "1/2-1/2"]
[WhiteElo "2400"]
[BlackElo "2247"]
[PlyCount "177"]
[EventDate "2005.03.08"]
[EventType "tourn"]
[EventRounds "11"]
[EventCountry "ARG"]
[Source "lmi"]
[SourceDate "2005.03.18"]

1. e4 c5 2. Nf3 d6 3. d4 cxd4 4. Nxd4 Nf6 5. Nc3 g6 6. Be2 Bg7 7. O-O Nc6 8.
Nb3 O-O 9. Re1 Be6 10. Bf1 Rc8 11. Nd5 Ne5 12. Bg5 Bxd5 13. exd5 h6 14. Be3 a6
15. a4 Qc7 16. Rc1 Qd7 17. a5 Nc4 18. Bd4 Rfe8 19. Nd2 Nxd2 20. Qxd2 Qf5 21. c4
Ne4 22. Qe3 Bxd4 23. Qxd4 Nc5 24. Qe3 Qg5 25. f4 Qf6 26. b4 Nd7 27. g3 e5 28.
dxe6 Rxe6 29. Qd2 Rce8 30. Rxe6 Qxe6 31. Bg2 b6 32. b5 axb5 33. a6 bxc4 34. a7
Nc5 35. Bd5 Qe7 36. a8=Q Rxa8 37. Bxa8 Qa7 38. Qd5 b5 39. Kg2 Nd3 40. Rf1 Qa2+
41. Kg1 Qa7+ 42. Kg2 Qa2+ 43. Kf3 Qa3 44. Kg4 Qa2 45. Qg2 h5+ 46. Kh3 Qa7 47.
Bd5 Qd7+ 48. g4 c3 49. Be4 hxg4+ 50. Kg3 Nc5 51. Bc2 b4 52. Qd5 Qe7 53. Qd4 Qe2
54. Rf2 Qe1 55. Qxd6 Qe3+ 56. Kg2 b3 57. Bxb3 Qxf2+ 58. Kxf2 Ne4+ 59. Ke3 Nxd6
60. Kd3 Nb5 61. Ba4 Nc7 62. Bd1 Nd5 63. Bxg4 c2 64. Kd2 Ne3 65. Be2 Kg7 66. Bd3
Kf6 67. Kc1 Ke6 68. h4 f5 69. Bxc2 Ng2 70. Bb3+ Kf6 71. Kd2 Nxf4 72. Bd1 Ng2
73. h5 g5 74. Bc2 Nh4 75. Ke3 Kg7 76. Ba4 Kh6 77. Be8 f4+ 78. Ke4 f3 79. Ke3 g4
80. Kf4 f2 81. Bb5 Kxh5 82. Kg3 Nf5+ 83. Kxf2 Kh4 84. Bc6 g3+ 85. Kg2 Nd4 86.
Bd7 Nc2 87. Bc8 Ne1+ 88. Kf1 g2+ 89. Kf2 1/2-1/2

[Event "2. Magistral Ricardo Lettieri"]
[Site "Pinamar ARG"]
[Date "2005.03.09"]
[Round "2.2"]
[White "Rubinetti, Jorge"]
[Black "Roca, Alfredo"]
[Result "1/2-1/2"]
[WhiteElo "2393"]
[BlackElo "2366"]
[PlyCount "26"]
[EventDate "2005.03.08"]
[EventType "tourn"]
[EventRounds "11"]
[EventCountry "ARG"]
[Source "lmi"]
[SourceDate "2005.03.18"]

1. e4 c5 2. Nf3 d6 3. Nc3 Nf6 4. d4 cxd4 5. Nxd4 a6 6. Bc4 e6 7. Bb3 Nbd7 8.
O-O Nc5 9. Qf3 Be7 10. Re1 O-O 11. Qg3 Kh8 12. Bg5 Qc7 13. Qh4 b5 1/2-1/2

[Event "2. Magistral Ricardo Lettieri"]
[Site "Pinamar ARG"]
[Date "2005.03.09"]
[Round "2.4"]
[White "Bronstein, Luis"]
[Black "Mahia, Gustavo"]
[Result "0-1"]
[WhiteElo "2357"]
[BlackElo "2364"]
[PlyCount "50"]
[EventDate "2005.03.08"]
[EventType "tourn"]
[EventRounds "11"]
[EventCountry "ARG"]
[Source "lmi"]
[SourceDate "2005.03.18"]

1. e4 e5 2. Nf3 Nc6 3. Bb5 a6 4. Ba4 Nf6 5. O-O Be7 6. Re1 b5 7. Bb3 O-O 8. d4
Nxd4 9. Bxf7+ Rxf7 10. Nxe5 Ne6 11. Nxf7 Kxf7 12. e5 Bb7 13. Nc3 Ne8 14. Nd5
Kg8 15. Be3 Bf8 16. c3 Qh4 17. Qf3 c6 18. Nb6 Rd8 19. a4 d5 20. exd6 Nxd6 21.
Rad1 c5 22. Qg3 Qh5 23. f3 Nf5 24. Qe5 Re8 25. Nd7 Ned4 0-1

[Event "2. Magistral Ricardo Lettieri"]
[Site "Pinamar ARG"]
[Date "2005.03.09"]
[Round "2.5"]
[White "Di Berardino, Diego Rafael"]
[Black "Rodi, Luis"]
[Result "1-0"]
[WhiteElo "2358"]
[BlackElo "2258"]
[PlyCount "65"]
[EventDate "2005.03.08"]
[EventType "tourn"]
[EventRounds "11"]
[EventCountry "ARG"]
[Source "lmi"]
[SourceDate "2005.03.18"]

1. e4 d5 2. exd5 Qxd5 3. Nc3 Qa5 4. d4 Nf6 5. Nf3 Ne4 6. Bd3 Nxc3 7. bxc3 g6 8.
O-O Bg7 9. Re1 O-O 10. Bd2 Qa3 11. Ne5 e6 12. Qf3 c6 13. Rab1 Qe7 14. Bf4 Rd8
15. h4 b6 16. h5 Bb7 17. hxg6 hxg6 18. Bg5 f6 19. Nxg6 Qf7 20. Ne5 fxe5 21.
Qxf7+ Kxf7 22. Bxd8 Nd7 23. Bh4 exd4 24. cxd4 Bxd4 25. Re4 c5 26. Rf4+ Nf6 27.
Bxf6 Bxf6 28. Be4 Bxe4 29. Rxe4 e5 30. f4 Re8 31. fxe5 Bxe5 32. Kf1 Ke6 33.
Rxe5+ 1-0

[Event "2. Magistral Ricardo Lettieri"]
[Site "Pinamar ARG"]
[Date "2005.03.09"]
[Round "2.6"]
[White "Duarte, Leonardo"]
[Black "Peralta, Eduardo"]
[Result "1/2-1/2"]
[WhiteElo "2252"]
[BlackElo "2252"]
[PlyCount "86"]
[EventDate "2005.03.08"]
[EventType "tourn"]
[EventRounds "11"]
[EventCountry "ARG"]
[Source "lmi"]
[SourceDate "2005.03.18"]

1. e4 c5 2. Nf3 Nc6 3. d4 cxd4 4. Nxd4 Nf6 5. Nc3 d6 6. Bg5 Bd7 7. Qd2 Nxd4 8.
Qxd4 Qa5 9. f4 h6 10. Bxf6 gxf6 11. O-O-O Rc8 12. Kb1 Qc5 13. Qd2 Bg7 14. f5 h5
15. Nd5 Ba4 16. b3 Bd7 17. h4 e6 18. Nb4 Bh6 19. Qxd6 Qxd6 20. Rxd6 Bf8 21. Rd4
Bc5 22. Rxd7 Kxd7 23. Nd3 Bd6 24. Be2 Rcg8 25. Bf3 Ke7 26. Kc1 Be5 27. fxe6
fxe6 28. Nxe5 fxe5 29. a4 a5 30. c3 Rd8 31. Kc2 Rd6 32. Rd1 Rxd1 33. Kxd1 Kf6
34. Kc2 Kg6 35. Kd3 Rc8 36. Kd2 Rc7 37. Kd3 b6 38. Kd2 Kh6 39. Kd3 Rc5 40. Bd1
Rc7 41. Bf3 Kg6 42. Kd2 Rd7+ 43. Ke3 Rd8 1/2-1/2

[Event "2. Magistral Ricardo Lettieri"]
[Site "Pinamar ARG"]
[Date "2005.03.10"]
[Round "3.1"]
[White "Peralta, Eduardo"]
[Black "Needleman, Alejandro"]
[Result "0-1"]
[WhiteElo "2252"]
[BlackElo "2400"]
[PlyCount "72"]
[EventDate "2005.03.08"]
[EventType "tourn"]
[EventRounds "11"]
[EventCountry "ARG"]
[Source "lmi"]
[SourceDate "2005.03.18"]

1. e4 c5 2. Nf3 e6 3. d3 Nc6 4. g3 d6 5. Bg2 Nf6 6. O-O Be7 7. Nbd2 O-O 8. Re1
Ne8 9. e5 dxe5 10. Nxe5 Nd4 11. Ndc4 Nc7 12. a4 Nd5 13. c3 Nf5 14. a5 Qc7 15.
a6 b5 16. Nd2 Rb8 17. Ndf3 Rd8 18. Qe2 Rb6 19. g4 Nd6 20. c4 Nb4 21. g5 Bxa6
22. Bf4 Nf5 23. Bh3 Nd4 24. Nxd4 Rxd4 25. Bg3 Bd6 26. Qh5 Qe7 27. cxb5 Bxb5 28.
Ng4 Bxg3 29. hxg3 a6 30. Nf6+ gxf6 31. Bf5 Kf8 32. Qxh7 Ke8 33. g6 fxg6 34.
Qg8+ Kd7 35. Bxg6 Nc2 36. Rec1 Nxa1 0-1

[Event "2. Magistral Ricardo Lettieri"]
[Site "Pinamar ARG"]
[Date "2005.03.10"]
[Round "3.3"]
[White "Mahia, Gustavo"]
[Black "Di Berardino, Diego Rafael"]
[Result "1/2-1/2"]
[WhiteElo "2364"]
[BlackElo "2358"]
[PlyCount "47"]
[EventDate "2005.03.08"]
[EventType "tourn"]
[EventRounds "11"]
[EventCountry "ARG"]
[Source "lmi"]
[SourceDate "2005.03.18"]

1. d4 Nf6 2. c4 g6 3. Nc3 Bg7 4. e4 d6 5. Nf3 O-O 6. h3 c5 7. d5 e6 8. Bd3 exd5
9. cxd5 b5 10. Nxb5 Nxe4 11. O-O a6 12. Na3 Nf6 13. Nc4 Bb7 14. Bf4 Bxd5 15.
Bxd6 Re8 16. Bxc5 Qc7 17. Bd6 Qc6 18. Ba3 Bxc4 19. Rc1 Bxd3 20. Rxc6 Bxf1 21.
Rxf6 Bxf6 22. Kxf1 Nc6 23. g3 Re6 24. Qa4 1/2-1/2

[Event "2. Magistral Ricardo Lettieri"]
[Site "Pinamar ARG"]
[Date "2005.03.10"]
[Round "3.5"]
[White "Roca, Alfredo"]
[Black "Molina, Jorge"]
[Result "1-0"]
[WhiteElo "2366"]
[BlackElo "2234"]
[PlyCount "99"]
[EventDate "2005.03.08"]
[EventType "tourn"]
[EventRounds "11"]
[EventCountry "ARG"]
[Source "lmi"]
[SourceDate "2005.03.18"]

1. Nf3 Nf6 2. g3 d5 3. Bg2 c5 4. c4 e6 5. O-O Nc6 6. b3 Be7 7. e3 O-O 8. Bb2 b6
9. Qe2 Ba6 10. Rd1 Rc8 11. Nc3 Qd7 12. Rac1 Rfd8 13. d3 Qe8 14. Nb1 Bb7 15.
Nbd2 dxc4 16. bxc4 Nb4 17. Nf1 Nxa2 18. Ra1 Nb4 19. Rxa7 Rc7 20. Raa1 Rcc8 21.
Bc3 Ra8 22. Ne5 Bxg2 23. Kxg2 Rxa1 24. Rxa1 Ra8 25. Qb2 Ra4 26. Rxa4 Qxa4 27.
Nd2 Na2 28. Ndf3 Nxc3 29. Qxc3 Bd6 30. Qb2 Bc7 31. g4 Nd7 32. Nxd7 Qxd7 33. Qb5
Qxb5 34. cxb5 Kf8 35. Nd2 Ke7 36. Nc4 f6 37. h4 g6 38. f4 h6 39. Kf3 Kf7 40. e4
h5 41. gxh5 gxh5 42. Ne3 Bd8 43. f5 Ke7 44. fxe6 Kxe6 45. Nf5 Ke5 46. Ke3 Ke6
47. Ng7+ Ke5 48. Nxh5 f5 49. Nf4 Bxh4 50. Ng6+ 1-0

[Event "2. Magistral Ricardo Lettieri"]
[Site "Pinamar ARG"]
[Date "2005.03.11"]
[Round "4.1"]
[White "Needleman, Alejandro"]
[Black "Rubinetti, Jorge"]
[Result "1/2-1/2"]
[WhiteElo "2400"]
[BlackElo "2393"]
[PlyCount "74"]
[EventDate "2005.03.08"]
[EventType "tourn"]
[EventRounds "11"]
[EventCountry "ARG"]
[Source "lmi"]
[SourceDate "2005.03.18"]

1. e4 e5 2. Nf3 Nc6 3. Bb5 a6 4. Ba4 Nf6 5. O-O Be7 6. Re1 b5 7. Bb3 d6 8. c3
O-O 9. d4 Bg4 10. d5 Na5 11. Bc2 c6 12. h3 Bxf3 13. Qxf3 cxd5 14. exd5 Nc4 15.
Nd2 Nb6 16. Nf1 Ne8 17. a4 Nxa4 18. Bxa4 bxa4 19. Re4 a3 20. Rxa3 Bg5 21. Bxg5
Qxg5 22. Rea4 Qc1 23. Qe2 Rb8 24. Ra2 Nc7 25. Qc4 Rfc8 26. Rb4 Nb5 27. Qg4 h5
28. Qxh5 g6 29. Qg4 Rc5 30. c4 Qe1 31. cxb5 Rc1 32. Rxa6 Qxf1+ 33. Kh2 Qxf2 34.
Rb3 Qg1+ 35. Kg3 Qe1+ 36. Kh2 Qg1+ 37. Kg3 Qe1+ 1/2-1/2

[Event "2. Magistral Ricardo Lettieri"]
[Site "Pinamar ARG"]
[Date "2005.03.11"]
[Round "4.2"]
[White "Molina, Jorge"]
[Black "Vera Insfran, Jorge"]
[Result "1/2-1/2"]
[WhiteElo "2234"]
[BlackElo "2247"]
[PlyCount "31"]
[EventDate "2005.03.08"]
[EventType "tourn"]
[EventRounds "11"]
[EventCountry "ARG"]
[Source "lmi"]
[SourceDate "2005.03.18"]

1. d4 d5 2. c4 c6 3. Nf3 e6 4. Nc3 f5 5. Bg5 Nf6 6. e3 Be7 7. Bd3 O-O 8. Qc2
Ne4 9. Bxe7 Qxe7 10. Ne5 Nd7 11. Nxd7 Bxd7 12. f4 Qh4+ 13. g3 Qe7 14. Nxe4 dxe4
15. Be2 c5 16. Rd1 1/2-1/2

[Event "2. Magistral Ricardo Lettieri"]
[Site "Pinamar ARG"]
[Date "2005.03.11"]
[Round "4.3"]
[White "Bronstein, Luis"]
[Black "Roca, Alfredo"]
[Result "1/2-1/2"]
[WhiteElo "2357"]
[BlackElo "2366"]
[PlyCount "59"]
[EventDate "2005.03.08"]
[EventType "tourn"]
[EventRounds "11"]
[EventCountry "ARG"]
[Source "lmi"]
[SourceDate "2005.03.18"]

1. d4 d5 2. c4 c6 3. Nf3 Nf6 4. e3 e6 5. Nbd2 Nbd7 6. Bd3 Bd6 7. e4 dxe4 8.
Nxe4 Nxe4 9. Bxe4 e5 10. O-O exd4 11. Qxd4 Qf6 12. Bg5 Qxd4 13. Nxd4 Nc5 14.
Bf5 O-O 15. Rad1 Re8 16. Rfe1 Rxe1+ 17. Rxe1 Bxf5 18. Nxf5 Bf8 19. Rd1 Ne6 20.
Be3 Bc5 21. Bxc5 Nxc5 22. b4 Ne6 23. Rd7 Rd8 24. Rxd8+ Nxd8 25. Nd6 Kf8 26. f4
Ke7 27. c5 Ke6 28. Kf2 Kd5 29. Ke3 b6 30. cxb6 1/2-1/2

[Event "2. Magistral Ricardo Lettieri"]
[Site "Pinamar ARG"]
[Date "2005.03.11"]
[Round "4.5"]
[White "Duarte, Leonardo"]
[Black "Mahia, Gustavo"]
[Result "1-0"]
[WhiteElo "2252"]
[BlackElo "2364"]
[PlyCount "67"]
[EventDate "2005.03.08"]
[EventType "tourn"]
[EventRounds "11"]
[EventCountry "ARG"]
[Source "lmi"]
[SourceDate "2005.03.18"]

1. e4 Nf6 2. e5 Nd5 3. d4 d6 4. Nf3 Bg4 5. Be2 c6 6. O-O Bxf3 7. Bxf3 dxe5 8.
dxe5 e6 9. Re1 Nd7 10. Nd2 Qc7 11. Nc4 Be7 12. Nd6+ Kf8 13. c4 Nxe5 14. cxd5
Bxd6 15. dxe6 Re8 16. Bd2 Rxe6 17. Bg4 Nxg4 18. Qxg4 h5 19. Qh3 Qd7 20. Red1
Qe7 21. f4 h4 22. f5 Re2 23. Re1 Qe4 24. Bc3 Rh6 25. Rxe2 Qxe2 26. Re1 Qc4 27.
Kh1 Bg3 28. Rd1 Kg8 29. f6 Qe2 30. Rd8+ Kh7 31. Rh8+ Kxh8 32. fxg7+ Kh7 33.
Qf5+ Rg6 34. g8=Q+ 1-0

[Event "2. Magistral Ricardo Lettieri"]
[Site "Pinamar ARG"]
[Date "2005.03.11"]
[Round "4.6"]
[White "Peralta, Eduardo"]
[Black "Rodi, Luis"]
[Result "1/2-1/2"]
[WhiteElo "2252"]
[BlackElo "2258"]
[PlyCount "87"]
[EventDate "2005.03.08"]
[EventType "tourn"]
[EventRounds "11"]
[EventCountry "ARG"]
[Source "lmi"]
[SourceDate "2005.03.18"]

1. d4 f5 2. Nf3 Nf6 3. g3 g6 4. Bg2 Bg7 5. O-O O-O 6. c4 d6 7. Nc3 Nc6 8. d5
Ne5 9. Nxe5 dxe5 10. e4 f4 11. gxf4 exf4 12. e5 Ng4 13. e6 Ne5 14. Re1 Nxc4 15.
Re4 Nd6 16. Rxf4 c6 17. Rh4 Nf5 18. Re4 Qb6 19. Qb3 Qxb3 20. axb3 Rd8 21. dxc6
bxc6 22. Bf4 Nd4 23. Rd1 Bxe6 24. Rde1 Kf7 25. b4 Bf6 26. Be5 Bf5 27. Rxd4 Rxd4
28. Bxd4 Bxd4 29. Bxc6 Rb8 30. b5 e5 31. Ra1 Ke7 32. Kg2 Bc8 33. Ne2 Bb6 34.
Rd1 Be6 35. Nc3 Rf8 36. f3 Bd4 37. Ra1 Rf5 38. Ne4 h5 39. Ra6 Bc8 40. Ra3 Rf8
41. b4 h4 42. Nc5 h3+ 43. Kf1 Kd6 44. Rxa7 1/2-1/2

[Event "2. Magistral Ricardo Lettieri"]
[Site "Pinamar ARG"]
[Date "2005.03.12"]
[Round "5.1"]
[White "Rodi, Luis"]
[Black "Needleman, Alejandro"]
[Result "1/2-1/2"]
[WhiteElo "2258"]
[BlackElo "2400"]
[PlyCount "86"]
[EventDate "2005.03.08"]
[EventType "tourn"]
[EventRounds "11"]
[EventCountry "ARG"]
[Source "lmi"]
[SourceDate "2005.03.18"]

1. e4 c5 2. Nc3 e6 3. Nf3 a6 4. d4 cxd4 5. Nxd4 Qc7 6. Be3 Nc6 7. f4 b5 8. Bd3
Bb7 9. Nb3 Na5 10. Nxa5 Qxa5 11. a3 Nf6 12. O-O Rc8 13. Kh1 h5 14. Bd4 Qc7 15.
Qe2 h4 16. Be5 Nh5 17. g4 Ng3+ 18. hxg3 hxg3+ 19. Kg2 d6 20. Rh1 Rxh1 21. Rxh1
dxe5 22. f5 Qb6 23. Nd1 Bc5 24. Kxg3 exf5 25. gxf5 Qf6 26. Qg4 Ke7 27. Qh4 Rd8
28. Kf3 Bd4 29. Ke2 Bc6 30. c3 Bb6 31. Ne3 Bxe3 32. Kxe3 Qxh4 33. Rxh4 a5 34.
Rh1 Kf6 35. Rh2 Rb8 36. Rh1 Re8 37. Be2 Ke7 38. Rg1 Rg8 39. Bf3 Bd7 40. Be2 g6
41. fxg6 fxg6 42. Rd1 Bc6 43. Rh1 Rf8 1/2-1/2

[Event "2. Magistral Ricardo Lettieri"]
[Site "Pinamar ARG"]
[Date "2005.03.12"]
[Round "5.2"]
[White "Mahia, Gustavo"]
[Black "Peralta, Eduardo"]
[Result "0-1"]
[WhiteElo "2364"]
[BlackElo "2252"]
[PlyCount "100"]
[EventDate "2005.03.08"]
[EventType "tourn"]
[EventRounds "11"]
[EventCountry "ARG"]
[Source "lmi"]
[SourceDate "2005.03.18"]

1. d4 Nf6 2. c4 g6 3. Nc3 Bg7 4. e4 d6 5. f3 O-O 6. Be3 c5 7. Nge2 Nc6 8. d5
Ne5 9. Ng3 e6 10. Be2 exd5 11. cxd5 a6 12. a4 Re8 13. O-O h5 14. Qd2 h4 15. Nh1
Nh7 16. Nf2 f5 17. Kh1 Rb8 18. Rab1 Bd7 19. b4 c4 20. b5 Qf6 21. Rbc1 Rbc8 22.
Rc2 Nd3 23. Nfd1 f4 24. Bg1 Ne5 25. h3 Qg5 26. Bh2 Bh6 27. Nf2 Nf6 28. Ng4 Nh5
29. Rb1 a5 30. Bf1 Ng3+ 31. Kg1 Nxg4 32. hxg4 Bg7 33. Rd1 Be5 34. Ne2 Qf6 35.
Rdc1 c3 36. Qd3 Rc5 37. Kf2 Rec8 38. Ke1 Rc4 39. Ra1 g5 40. Bg1 Qh8 41. Bb6
Nxe2 42. Qxe2 Bd4 43. Bxa5 Be3 44. Qxc4 Rxc4 45. Bxc4 Bd2+ 46. Kf1 h3 47. gxh3
Qxh3+ 48. Kf2 Qg3+ 49. Kf1 Qxf3+ 50. Kg1 Qxg4+ 0-1

[Event "2. Magistral Ricardo Lettieri"]
[Site "Pinamar ARG"]
[Date "2005.03.12"]
[Round "5.4"]
[White "Roca, Alfredo"]
[Black "Di Berardino, Diego Rafael"]
[Result "1-0"]
[WhiteElo "2366"]
[BlackElo "2358"]
[PlyCount "61"]
[EventDate "2005.03.08"]
[EventType "tourn"]
[EventRounds "11"]
[EventCountry "ARG"]
[Source "lmi"]
[SourceDate "2005.03.18"]

1. d4 Nf6 2. Nf3 g6 3. g3 Bg7 4. Bg2 O-O 5. O-O d6 6. b3 Nbd7 7. Bb2 c6 8. Nbd2
Qc7 9. a4 a5 10. e4 Re8 11. Re1 e5 12. dxe5 Nxe5 13. Nxe5 dxe5 14. Nc4 Bf8 15.
Qf3 Bg7 16. Qe3 Nd7 17. Bh3 Ra6 18. Red1 Nb6 19. Nd6 Rd8 20. Bxc8 Nxc8 21. Nxb7
Rxd1+ 22. Rxd1 Qxb7 23. Rd8+ Bf8 24. Ba3 c5 25. Qh6 Qe7 26. Rxc8 Rc6 27. Rb8
Qd6 28. Ra8 Rc7 29. Kg2 f5 30. Qe3 Rf7 31. Qxc5 1-0

[Event "2. Magistral Ricardo Lettieri"]
[Site "Pinamar ARG"]
[Date "2005.03.12"]
[Round "5.5"]
[White "Vera Insfran, Jorge"]
[Black "Bronstein, Luis"]
[Result "1/2-1/2"]
[WhiteElo "2247"]
[BlackElo "2357"]
[PlyCount "81"]
[EventDate "2005.03.08"]
[EventType "tourn"]
[EventRounds "11"]
[EventCountry "ARG"]
[Source "lmi"]
[SourceDate "2005.03.18"]

1. d4 e6 2. Nf3 b6 3. Bg5 Be7 4. Bxe7 Qxe7 5. c3 Bb7 6. Nbd2 Nf6 7. e3 c5 8.
Bd3 O-O 9. O-O Nc6 10. Qe2 d5 11. Ne5 Nxe5 12. dxe5 Ne4 13. f4 Nxd2 14. Qxd2 f6
15. Qc2 g6 16. exf6 Rxf6 17. Rae1 Raf8 18. Qd2 e5 19. fxe5 Qxe5 20. c4 d4 21.
Rxf6 Rxf6 22. Bf1 Re6 23. e4 Bxe4 24. Bd3 Qf5 25. Qe2 Bxd3 26. Qxe6+ Qxe6 27.
Rxe6 Kf7 28. Rc6 Bxc4 29. Kf2 Bxa2 30. Rc7+ Ke6 31. Rxa7 Bd5 32. Ra6 c4 33.
Rxb6+ Ke5 34. g3 Ke4 35. Ke2 Ke5 36. Kd2 Be4 37. Rb5+ Kd6 38. Ra5 h5 39. Rb5
Kc6 40. Ra5 Kd6 41. Rb5 1/2-1/2

[Event "2. Magistral Ricardo Lettieri"]
[Site "Pinamar ARG"]
[Date "2005.03.12"]
[Round "5.6"]
[White "Rubinetti, Jorge"]
[Black "Molina, Jorge"]
[Result "1-0"]
[WhiteElo "2393"]
[BlackElo "2234"]
[PlyCount "141"]
[EventDate "2005.03.08"]
[EventType "tourn"]
[EventRounds "11"]
[EventCountry "ARG"]
[Source "lmi"]
[SourceDate "2005.03.18"]

1. e4 c6 2. d3 d5 3. Nd2 e5 4. Ngf3 Bd6 5. g3 Nf6 6. Bg2 O-O 7. O-O Bg4 8. h3
Bxf3 9. Qxf3 Nbd7 10. c3 a5 11. Re1 Nc5 12. Nf1 dxe4 13. dxe4 Be7 14. Bg5 Qc7
15. Rad1 Rfd8 16. Qe2 Rxd1 17. Rxd1 Rd8 18. Rd2 h6 19. Bxf6 Bxf6 20. h4 Rxd2
21. Nxd2 b5 22. Bf1 Be7 23. Nf3 Qd6 24. Qc2 a4 25. b4 axb3 26. axb3 Bd8 27. b4
Ne6 28. Bh3 Bb6 29. Qd2 Qxd2 30. Nxd2 Nd8 31. Nf3 Bc7 32. h5 Bd6 33. Kf1 f6 34.
Bd7 Kf8 35. Nh4 Ke7 36. Bc8 Kf7 37. Nf5 Bf8 38. Bd7 g6 39. hxg6+ Kxg6 40. Be8+
Kg5 41. Ke2 h5 42. Bd7 Kg6 43. Be8+ Kg5 44. Kf1 Kg4 45. Kg2 Kg5 46. f3 c5 47.
bxc5 Bxc5 48. Bxb5 Nb7 49. Ng7 Be3 50. Be8 Nd6 51. Ne6+ Kh6 52. Bd7 Bd2 53. Nc7
Bxc3 54. Nd5 Ba1 55. Nxf6 Kg5 56. Nd5 Bb2 57. Kh3 Bc1 58. Ba4 Nc4 59. Nb4 Bb2
60. Nd3 Bd4 61. Bc2 Kh6 62. Nb4 Kg5 63. Nc6 Bb2 64. Bb3 Nd2 65. Bd1 Nc4 66. Be2
Nd6 67. Nb4 Bc3 68. Nd5 Bd2 69. Bd3 Ne8 70. Nb6 Nd6 71. Nd7 1-0

[Event "2. Magistral Ricardo Lettieri"]
[Site "Pinamar ARG"]
[Date "2005.03.13"]
[Round "6.1"]
[White "Needleman, Alejandro"]
[Black "Molina, Jorge"]
[Result "1-0"]
[WhiteElo "2400"]
[BlackElo "2234"]
[PlyCount "49"]
[EventDate "2005.03.08"]
[EventType "tourn"]
[EventRounds "11"]
[EventCountry "ARG"]
[Source "lmi"]
[SourceDate "2005.03.18"]

1. Nf3 e6 2. d3 c5 3. e4 d6 4. g3 g6 5. Bg2 Bg7 6. d4 cxd4 7. Nxd4 a6 8. O-O
Ne7 9. Nc3 O-O 10. Nde2 Nbc6 11. h3 Qc7 12. Bf4 Rd8 13. Qd2 Ne5 14. b3 b5 15.
a4 b4 16. Na2 a5 17. c3 bxc3 18. Naxc3 Ba6 19. Be3 Rab8 20. Nb5 Bxb5 21. axb5
Rxb5 22. Nd4 Rb4 23. Rfc1 Qb7 24. Rxa5 N7c6 25. Nxc6 1-0